000 00273nam a22000977a 4500
008 150423b xxu||||| |||| 00| 0 eng d
020 _a978-0-470-74367-6
_cAvailable
082 _2Fourth Edition
245 _aSmart Card Handbook
_cRankl Wolfgane
260 _aUK
_bWiley & Sons
_c2010
999 _c24803
_d24803